Longest Rivers - Sudden Death - Statistics

General Stats
  • This quiz has been taken 2,991 times
    2,467 since last reset
  • The average score is 11 of 20
Answers on the Grid
Answers color-coded by a green-red scale on the quiz's grid according to % correct below.
Amazon
Brahmaputra
Chicago
Colorado
Congo
Danube
Dnieper
Ganges
Hudson
Jordan
Lower Tunguska
Mackenzie
Mekong
Mersey
Meuse
Mississippi
Niger
Nile
Po
Potomac
Rhône
Rio Grande
Rubicon
Seine
St. Lawrence
Thames
Tiber
Ural
Volga
Yangtze
Yellow
Zambezi
 
Answer Stats
Answer % Correct
Amazon
97%
Nile
79%
Congo
75%
Mississippi
72%
Danube
69%
Ganges
63%
Yangtze
63%
Yellow
59%
Mekong
58%
Volga
58%
Colorado
53%
Niger
53%
Rio Grande
50%
Zambezi
46%
Brahmaputra
35%
Dnieper
35%
Ural
30%
Mackenzie
28%
St. Lawrence
28%
Lower Tunguska
13%
No matching quizzes found
Score Distribution
Percent of People with Each Score
Percentile by Number Answered
Your Score History
You have not taken this quiz since the last reset